Higiene del individuo y de la comunidad / (Record no. 147229)

MARC details
000 -LEADER
campo de control de longitud fija 00703nam a2200169 i 4500
001 - NÚMERO DE CONTROL
campo de control 147229
003 - IDENTIFICADOR DE NÚMERO DE CONTROL
campo de control ES-MaACL
007 - CAMPO FIJO DE DESCRIPCIÓN FÍSICA--INFORMACIÓN GENERAL
campo de control de longitud fija t|
008 - DATOS DE LONGITUD FIJA--INFORMACIÓN GENERAL
campo de control de longitud fija 070925s1949 mx ||||1| spa d
100 1# - ENTRADA PRINCIPAL--NOMBRE DE PERSONA
Nombre de persona Turner, C. E.
9 (RLIN) 111722
245 10 - MENCIÓN DEL TÍTULO
Título Higiene del individuo y de la comunidad /
Mención de responsabilidad, etc. por C.E. Turner ; traducción de la séptima edición por Angel de la Garza Brito.
260 ## - PUBLICACIÓN, DISTRIBUCIÓN, ETC.
Lugar de publicación, distribución, etc. México :
Nombre del editor, distribuidor, etc. La prensa Médica Mexicana,
Fecha de publicación, distribución, etc. 1959.
300 ## - DESCRIPCIÓN FÍSICA
Extensión XIV, 585 p. :
Otras características físicas il. ;
Dimensiones 23 cm.
505 8# - NOTA DE CONTENIDO CON FORMATO
Nota de contenido con formato Contiene: Tres apéndice sobre: El control de las enfermedades transmisibles. Desinfectantes. Nuevos insecticidas, repelentes y raticidas
700 1# - ENTRADA AGREGADA--NOMBRE PERSONAL
Nombre de persona Garza Brito, Angel de la.
9 (RLIN) 55811
852 ## - LOCALIZACIÓN
Ubicación ES-MaACL
Número de control de estantería E-1641
Sublocalización o colección R.28569
Holdings
Estatus retirado Estado de pérdida Estado de daño No para préstamo Biblioteca de origen Biblioteca actual Ubicación en estantería Fecha de adquisición Fuente de adquisición Total de préstamos Signatura topográfica completa Código de barras Visto por última vez Precio de reemplazo Tipo de ítem Koha
        Biblioteca del Ateneo de Madrid Biblioteca del Ateneo de Madrid Depósito 2 17/01/2008     E-1641 1153646 23/02/2023 23/02/2023 Libro impreso